[Event "Under 1300 knightworm78 Invitational #6"]
[Site "SchemingMind.com"]
[Date "2019.09.30"]
[Round "-"]
[White "Chessibelle"]
[Black "Black Knight"]
[Result "1-0"]
[WhiteCountry "ENG"]
[BlackCountry "USA"]
[WhiteElo "1159"]
[WhiteRD "58"]
[BlackElo "1298"]
[BlackRD "50"]
[GameID "446532"]

1. Nf3 d5 2. d4 Nf6 3. g3 Bg4 4. e3 e6 5. Be2 Bb4+ 6. Bd2 Bxd2+ 7. Nbxd2 O-O 8. O-O Bh3 9. Re1 Nc6 10. c3 a5
11. Ng5 Bf5 12. f4 h6 13. Ngf3 Be4 14. Ne5 Nxe5 15. fxe5 Nd7 16. c4 c6 17. Bh5 Bg6 18. Bg4 Bf5 19. Bh5 g6 20. Bf3 Nb6
21. b3 a4 22. Qe2 g5 23. Bg2 Kh8 24. Kf2 dxc4 25. bxc4 Nd7 26. Qh5 Rg8 27. Qxh6+ Bh7 28. Be4 Rg7 29. Qh5 Qf8 30. Rh1 Kg8
31. Nf3 f5 32. Bd3 Rg6 33. Qh3 g4 34. Qg2 b6 35. a3 gxf3 36. Qxf3 c5 37. h4 Rh6 38. Qf4 Qg7 39. h5 Qg4 40. Qxh6 Qg7
41. Qf4 Kf7 42. Qf3 Rh8 43. Rh4 Kf8 44. Qa8+ Kf7 45. Qxa4 Ke7 46. Qc6 Rc8 47. Qd6+ Kd8 48. Qxe6 Qe7 49. Qd5 Ke8 50. Qb7 Rb8
51. Qh1 Qg7 52. Qc6 Ke7 53. Qd6+ Kd8 54. a4 Rc8 55. a5 Bg8 56. axb6 Ke8 57. Bxf5 Rb8 58. Ra7 Rxb6 59. Bxd7+ Qxd7 60. Qxd7+
1-0

[Event "Under 1300 knightworm78 Invitational #6"]
[Site "SchemingMind.com"]
[Date "2019.10.01"]
[Round "-"]
[White "malcolm chugg"]
[Black "Chessibelle"]
[Result "1-0"]
[WhiteCountry "WLS"]
[BlackCountry "ENG"]
[WhiteElo "1243"]
[WhiteRD "54"]
[BlackElo "1155"]
[BlackRD "53"]
[GameID "446533"]

1. f4 e6 2. f5 e5 3. e4 d6 4. Nf3 Nf6 5. Bb5+ Nbd7 6. Nc3 g6 7. Nd5 c6 8. Nxf6+ Qxf6 9. Bc4 Bh6 10. d4 Bg7
11. c3 h6 12. Be3 gxf5 13. exf5 Nb6 14. Bb3 Qxf5 15. Bc2 e4 16. Nh4 Qd7 17. Bxe4 d5 18. Bf5 Qd8 19. Bxc8 Rxc8 20. Nf5 Bf8
21. Qc1 Qf6 22. g4 Qg6 23. h3 Nc4 24. Bf4 Qe6+ 25. Kf1 Kd8 26. Rh2 Qe4 27. Re2 Qh1+ 28. Kf2 Qxh3 29. Qe1 Kd7 30. Ne3 Qh4+
31. Bg3 Qf6+ 32. Kg2 Nd6 33. Nc2 Kc7 34. Be5 Qg5 35. Bxh8 Qxg4+ 36. Kf1 Be7 37. Rxe7+ Kb6 38. Be5 Ne4 39. Ne3 Qg6 40. b4 Rg8
41. Ke2 Qg5 42. Rxf7 Qh5+ 43. Rf3 Ng5 44. Qf2 Ne4 45. Qe1 Ng5 46. Qh1 Qg6 47. Rf6 Qe8 48. Ng4 Ne4 49. Rf4 Nxc3+ 50. Kd3 Nb5
51. Nf6 Qf8 52. Nxg8 Qxg8 53. Qxh6 Qg3+ 54. Kc2 Qc3+ 55. Kd1 Qxa1+ 56. Ke2 Qxa2+ 57. Kf3 Qb3+ 58. Kg4 Nc3 59. Kf5 Qxb4 60. Bd6 Qc4
61. Bc5+ Kb5 62. Bxa7 Qd3+ 63. Ke6 Qe3+ 64. Kd6 Ne2 65. Rf6 Qa3+ 66. Bc5 Qa5 67. Qe3 Nc3 68. Rf7 Na4 69. Rxb7+ Ka6 70. Ra7+ Kb5
71. Qd3#
1-0

[Event "Under 1300 knightworm78 Invitational #6"]
[Site "SchemingMind.com"]
[Date "2019.09.30"]
[Round "-"]
[White "Chessibelle"]
[Black "wight knight"]
[Result "0-1"]
[WhiteCountry "ENG"]
[BlackCountry "ENG"]
[WhiteElo "1159"]
[WhiteRD "58"]
[BlackElo "1266"]
[BlackRD "58"]
[GameID "446534"]

1. Nf3 f6 2. d4 e6 3. Nbd2 d5 4. e3 b6 5. Bb5+ Bd7 6. Bd3 g5 7. O-O a6 8. a3 Bb5 9. Be2 Bxe2 10. Qxe2 Nc6
11. Nb3 Bd6 12. g3 g4 13. Nh4 Na5 14. Qd3 Nh6 15. e4 Nxb3 16. Qxb3 Nf7 17. Qe3 Ng5 18. f3 Nxf3+ 19. Nxf3 gxf3 20. Qxf3 f5
21. Qh5+ Kd7 22. b4= dxe4 23. Be3 Qg8 24. Qe2 h5 25. Qc4 b5 26. Qc3 h4 27. Bf2 hxg3 28. Bxg3 Bxg3 29. hxg3 Qh7 30. Kf2 Qh2+
31. Ke1 Rag8 32. Rf2 Rxg3 33. Qd2 e3 34. Qd3 exf2+ 35. Ke2 Rxd3 36. cxd3 f1=Q+
0-1

[Event "Under 1300 knightworm78 Invitational #6"]
[Site "SchemingMind.com"]
[Date "2019.09.30"]
[Round "-"]
[White "wight knight"]
[Black "Black Knight"]
[Result "0-1"]
[WhiteCountry "ENG"]
[BlackCountry "USA"]
[WhiteElo "1266"]
[WhiteRD "58"]
[BlackElo "1298"]
[BlackRD "50"]
[GameID "446535"]

1. e4 e5 2. Bc4 Nf6 3. f3 Bc5 4. b3 d5 5. Ba3 Bxa3 6. Nxa3 dxc4 7. Nxc4 Nc6 8. c3 Be6 9. g4 Bxc4 10. bxc4 Qd7
11. h4 h6 12. Nh3 O-O-O 13. g5 hxg5 14. Nxg5 Nh5 15. Qb3 f6 16. Nh3 Ng3 17. O-O-O Ne2+ 18. Kc2 Qd3+ 19. Kb2 Qxf3 20. a4 Rxh4
21. Rdf1 Qh5 22. Nf2 Rxd2+ 23. Ka3 Ng3 24. Rxh4 Qxh4 25. a5 Nxf1 26. a6 b6 27. c5 Qxf2 28. Qg8+ Nd8 29. cxb6 Qxb6 30. Qc4 Ne3
31. Qa4 Qb2#
0-1

[Event "Under 1300 knightworm78 Invitational #6"]
[Site "SchemingMind.com"]
[Date "2019.10.01"]
[Round "-"]
[White "malcolm chugg"]
[Black "wight knight"]
[Result "0-1"]
[WhiteCountry "WLS"]
[BlackCountry "ENG"]
[WhiteElo "1220"]
[WhiteRD "55"]
[BlackElo "1266"]
[BlackRD "58"]
[GameID "446536"]

1. f4 g6 2. e4 Bh6 3. d4 b6 4. Ne2 Ba6 5. f5 Bxc1 6. Qxc1 Bxe2 7. Bxe2 e6 8. Qf4 Nc6 9. c3 g5 10. Qf2 Nf6
11. e5 Ne4 12. Qh4 gxh4 13. f6 a5 14. a4 d6 15. Bf3 d5 16. Bxe4 dxe4 17. Nd2 Rg8 18. Kf2 h3 19. g3 b5 20. Nxe4 b4
21. Rhc1 bxc3 22. bxc3 Qd5 23. Ke3 Rg4 24. Nf2 Rb8 25. Rcb1 Rxb1 26. Rxb1 Qa2 27. Rc1 Qb2 28. Nd3 Qxh2 29. Nf2 Rxg3+ 30. Ke2 Rg1
31. Rc2 Rg2 32. Ke3 Qg3+ 33. Ke4 Rxf2 34. Rxf2 Qxf2
0-1

[Event "Under 1300 knightworm78 Invitational #6"]
[Site "SchemingMind.com"]
[Date "2019.10.01"]
[Round "-"]
[White "Bacon"]
[Black "Henk Miedema"]
[Result "0-1"]
[WhiteCountry "BER"]
[BlackCountry "NED"]
[WhiteElo "1117"]
[WhiteRD "83"]
[BlackElo "978"]
[BlackRD "67"]
[GameID "446537"]

1. e4 e5 2. Nf3 Nc6 3. Bc4 Qf6 4. d4 Qg6 5. Bd3 Qxg2= 6. Rf1 d6 7. h4 Bh3 8. Ng1 Bg4 9. f3 Bh5 10. Rf2 Qxg1+
11. Bf1 Qg3 12. Nc3 Be7 13. Be3 Nf6 14. Ne2 Qxh4 15. d5 Nb4 16. c3 Na6 17. Qa4+ Nd7 18. b4 Qf6 19. f4 Qh6 20. Ng3 Bh4
21. Nf5 Qf6 22. Kd2 Bxf2 23. Bxf2 Qd8 24. Nxg7+ Kf8 25. Nxh5 Nab8 26. f5 h6 27. Bh3 Nb6 28. Qb3 Qg5+ 29. Be3 Qxh5 30. Bg2 N6d7
31. Kd3 Qh2 32. Bf3 Rg8 33. Bg1 Rxg1 34. Rxg1 Qxg1 35. a4 c5 36. b5 Qf1+ 37. Be2 Qf2 38. Qd1 Qg3+ 39. Kd2 Qf4+ 40. Kd3 b6
41. Qf1 Qg3+ 42. Bf3 a5 43. Ke3 Qf4+ 44. Kf2 Qd2+ 45. Qe2 Qxc3 46. Kg3 Nf6 47. Qd1 h5 48. Qe2 Nbd7 49. Kh4 Qd4 50. Kg5 Kg7
51. Bxh5 Qg1+ 52. Bg4 Qd4 53. Qg2 Qxa4 54. Qe2 Qd4 55. Bf3 Qg1+ 56. Kh4 Rh8+ 57. Bh5 Qh1+ 58. Kg3 Nxe4+ 59. Kg4 Ndf6#
0-1

[Event "Under 1300 knightworm78 Invitational #6"]
[Site "SchemingMind.com"]
[Date "2019.10.05"]
[Round "-"]
[White "Martin E. Hardwick"]
[Black "Henk Miedema"]
[Result "1/2-1/2"]
[WhiteCountry "ENG"]
[BlackCountry "NED"]
[WhiteElo "1333"]
[WhiteRD "73"]
[BlackElo "978"]
[BlackRD "65"]
[GameID "446538"]

1. d4 d5 2. Nf3 f6 3. Bf4 Bg4 4. e3 Qd7 5. Nc3 Nc6 6. Bb5 Bh3 7. gxh3 e6 8. Qe2 Bb4 9. O-O-O Nge7 10. Kb1 O-O
11. Bxc6 Qxc6 12. Qb5 Bxc3 13. Qxc6 Nxc6 14. bxc3 b5 15. Nd2 Ne7 16. Nb3 Nc6 17. Bxc7 Rac8 18. Bd6 Rfd8 19. Bc5 a6 20. Bb4 h6
21. h4 g6 22. f4 Rc7 23. Ba5 Nxa5 24. Nxa5 Rxc3 25. Nb3 Rdc8 26. Rde1 b4 27. Rhf1 Rxc2 28. Rh1 f5 29. Rc1 R2c7 30. Rxc7 Rxc7
31. Rc1 Ra7 32. Rc6 a5 33. Rb6 Kf7 34. Nc5 h5 35. Rb7+ Rxb7 36. Nxb7 a4 37. Kb2 Ke7 38. Nc5 a3+ 39. Kb3 Kd6 40. Kxb4 Kc6=
1/2-1/2

[Event "Under 1300 knightworm78 Invitational #6"]
[Site "SchemingMind.com"]
[Date "2019.10.05"]
[Round "-"]
[White "Henk Miedema"]
[Black "Black Knight"]
[Result "0-1"]
[WhiteCountry "NED"]
[BlackCountry "USA"]
[WhiteElo "1005"]
[WhiteRD "70"]
[BlackElo "1298"]
[BlackRD "50"]
[GameID "446539"]

1. d4 d5 2. e3 Nf6 3. Nf3 Bg4 4. Bb5+ c6 5. Ba4 e6 6. Nbd2 Bb4 7. O-O O-O 8. c3 Bd6 9. Qb3= b5 10. Qd1 bxa4
11. a3 Nbd7 12. b3 axb3 13. Nxb3 a5 14. Nbd2 Ne4 15. Qb3 Rb8 16. Qa2 Ndf6 17. Ne5 Bxe5 18. f3 Nxd2 19. Bxd2 Bxf3 20. Rxf3 Bd6
21. Bc1 Qc7 22. a4 Bxh2+ 23. Kf2 Ne4+ 24. Ke2 Nxc3+ 25. Kd3 Nxa2 26. Rxa2 Qb6 27. Ba3 Qb3+ 28. Ke2 Qxa2+ 29. Kf1 Qxa3 30. Rh3 Qc1+
31. Kf2 Rb2+ 32. Kf3 Qf1+ 33. Kg4 Qf5+ 34. Kh4 Rxg2
0-1

[Event "Under 1300 knightworm78 Invitational #6"]
[Site "SchemingMind.com"]
[Date "2019.10.01"]
[Round "-"]
[White "malcolm chugg"]
[Black "Henk Miedema"]
[Result "1-0"]
[WhiteCountry "WLS"]
[BlackCountry "NED"]
[WhiteElo "1245"]
[WhiteRD "60"]
[BlackElo "978"]
[BlackRD "67"]
[GameID "446540"]

1. Nf3 d5 2. e3 c5 3. Nc3 e6 4. Bb5+ Bd7 5. Ne5 Qg5= 6. Nxd7 Nxd7 7. Bxd7+ Kxd7 8. g3 Nf6 9. h3 Bd6 10. h4 Qg6
11. Qf3 Ke7 12. d3 b6 13. Nb5 Bb8 14. Qg2 Be5 15. c3 a6 16. Na3 Qxd3 17. Nb1 Rad8 18. Bd2 d4 19. Qf3 b5 20. exd4 Qg6
21. Qb7+ Nd7 22. dxe5 Rb8 23. Qc7 Qe4+ 24. Be3 Qxh1+ 25. Ke2 Rbd8 26. Qd6+ Ke8 27. Bg5 Rc8 28. Qe7#
1-0

[Event "Under 1300 knightworm78 Invitational #6"]
[Site "SchemingMind.com"]
[Date "2019.10.05"]
[Round "-"]
[White "Henk Miedema"]
[Black "Chessibelle"]
[Result "0-1"]
[WhiteCountry "NED"]
[BlackCountry "ENG"]
[WhiteElo "1005"]
[WhiteRD "70"]
[BlackElo "1159"]
[BlackRD "58"]
[GameID "446541"]

1. d4 d5 2. e3 e6 3. Nc3 Nf6 4. Bb5+ Nbd7 5. Nge2 c6 6. Bd3 Be7 7. O-O O-O 8. a3 g6 9. b4 Bd6 10. f3 e5
11. b5 Nh5 12. a4 Qg5 13. a5 a6 14. b6 Ndf6 15. Bd2 Bh3 16. g3 Nd7 17. Re1 Rae8 18. e4 Qf6 19. Kh1 Qxf3+ 20. Kg1 Qg2#
0-1

[Event "Under 1300 knightworm78 Invitational #6"]
[Site "SchemingMind.com"]
[Date "2019.10.05"]
[Round "-"]
[White "Henk Miedema"]
[Black "wight knight"]
[Result "0-1"]
[WhiteCountry "NED"]
[BlackCountry "ENG"]
[WhiteElo "1005"]
[WhiteRD "70"]
[BlackElo "1266"]
[BlackRD "58"]
[GameID "446542"]

1. d4 d5 2. e3 Nc6 3. Nf3 f6 4. Be2 e5 5. Nc3 Bb4 6. a3 Bxc3+ 7. Nd2 Bxd2+ 8. Bxd2 exd4 9. a4 h5 10. Bxh5+ Ke7
11. c3 d3 12. O-O Ne5 13. b4 Bg4 14. Bxg4 Nxg4 15. Qxg4 Kf7 16. Qd4= Qd6 17. Qxd3 Qxh2#
0-1